000 01303ny a22003133n 4500
005 20240305165317.0
008 080508t1992 sp s 000 0 spa c
020 _a8476981880
035 _a1127
040 _aUMA.RE
_dvLex
080 _a336.2(460)(076.5)(0.034)
080 _a347.235.11(460)(076.5)(0.034)
080 _a35(460)(076.5)(0.034)
090 _c493
_d493
100 1 _aRicart Palau, Miguel
245 1 0 _aCasos prácticos de derecho administrativo, fiscal y registral
_h[Recurso electrónico]
_cMiguel Ricart Palau
256 _aServicio en línea
260 _aMadrid:
_bBosch,
_c1992
506 1 _aContenido solo disponible en los productos indicados
_dvLex Global
_dvLex Global (Academic Edition, excluding Law Schools)
_dvLex Global (U.S. Academic Edition, Law Schools)
_dvLex Global (U.S. Academic Edition, excluding Law Schools)
_dvLex Global (Academic Edition, Law Schools)
650 0 7 _aInmobiliario y registral
_2Tesauro vLex
650 0 7 _aTributario
_2Tesauro vLex
650 0 7 _aAdministrativo
_2Tesauro vLex
650 0 7 _aActividad administrativa
_2Tesauro vLex
650 0 7 _aDerecho fiscal
_2Tesauro vLex
650 0 7 _aDerecho registral
_2Tesauro vLex
740 0 _avLex Libros (Servicios en línea)
856 4 0 _uhttps://app.vlex.com/#/sources/1127
942 _cRAA
999 _c159018
_d159018